Formule 1: Les coéquipiers de Max Verstappen - Statistiques

Statistiques générales
  • Ce quiz a été pris 3 044 fois
    587 depuis la dernière actualisation
  • Le résultat moyen est 7 sur 8
Statistiques - réponses
Equipe Saison Pilote % Correct
Red Bull 2026 Isack Hadjar
99%
Red Bull 2025 Yuki Tsunoda
99%
Red Bull [2021-2024] Sergio Perez
98%
Red Bull 2025 Liam Lawson
94%
Red Bull 2019 Pierre Gasly
94%
Red Bull 2016 Daniel Ricciardo
92%
Red Bull 2019 Alexander Albon
84%
Toro Rosso 2015 Carlos Sainz
66%
Aucun quiz correspondant
Distribution des résultats
% des personnes avec chaque résultat
Percentile par nombre de réponses
Votre historique - résultats
Vous n’avez pas pris ce quiz depuis la dernière actualisation